Mycology and lichenology / (Record no. 83158)

MARC details
000 -LEADER
fixed length control field 00602nam a22001937a 4500
005 - DATE AND TIME OF LATEST TRANSACTION
control field 20140407142448.0
010 ## - LCCN (DPL NO)
LC control number ENG-109617
020 ## - INTERNATIONAL STANDARD BOOK NUMBER
Terms of availability 190.00
035 ## - SYSTEM CONTROL NUMBER
System control number EN-93150
037 ## - SOURCE OF ACQUISITION
Source of stock number/acquisition DBAD/PUB
082 ## - DEWEY DECIMAL CLASSIFICATION NUMBER
Classification number 589.205
100 ## - MAIN ENTRY--PERSONAL NAME
Personal name Ragland, Annie
245 ## - TITLE STATEMENT
Title Mycology and lichenology /
Statement of responsibility, etc by Annie Ragland [and] V. Kumaresan
260 ## - PUBLICATION, DISTRIBUTION, ETC. (IMPRINT)
Name of publisher, distributor, etc Saras Publication
Date of publication, distribution, etc 2010
Place of publication, distribution, etc Nagercoil
270 ## - ADDRESS
City Nagercoil
Postal code 629002
Address 114/35G, A. R. P. Camp Road, Periavilai, Kottar P. O.,
300 ## - PHYSICAL DESCRIPTION
Extent xiii,371p. :
Dimensions 22cm(pbk)
Other physical details ill
700 ## - ADDED ENTRY--PERSONAL NAME
Personal name Kumaresan, V.
942 ## - ADDED ENTRY ELEMENTS (KOHA)
Source of classification or shelving scheme Dewey Decimal Classification
Item type English Books
Call number suffix RAG
Classification part 589.205
Holdings
Withdrawn status Lost status Not for loan Collection code Home library Current library Date acquired Source of acquisition Cost, normal purchase price Full call number Barcode Copy number Cost, replacement price Koha item type
    Not For Loan Non-fiction D.B.Act.Division D.B.Act.Division 24/03/2014 DBAD/PUB 190.00 589.205 RAG EN-93150 1 190.00 English Books

© Delhi Public Library
Hit Counter
free hit counter